000 00598nam a2200193 a 4500
020 _a0870023276
082 0 0 _a692
_bFEI
100 1 _aFeirer, John Louis.
_945394
245 1 0 _aCarpentry and building construction /
_cJohn L. Feirer, Gilbert R. Hutchings.
250 _aRev.
260 _aPeoria, Ill. :
_bC.A. Bennett Co.,
_cc1981.
300 _a1120 p. :
_bill. (some col.) ;
_c24 cm.
500 _aIncludes index.
526 _a0
_b0
_c0
_d692_000000000000000_FEI
650 0 _aCarpentry.
_945395
650 0 _aHouse construction.
700 1 _aHutchings, Gilbert R.
_945396
942 _2ddc
_cBK
999 _c548932
_d548932